| 000 | 00553nam a22002177a 4500 | ||
|---|---|---|---|
| 005 | 20180714130702.0 | ||
| 008 | 180714b xxu||||| |||| 00| 0 eng d | ||
| 010 | _aA-708665 | ||
| 020 | _a8125002421 | ||
| 035 | _aA-708665 | ||
| 037 | _bBPPD/PUB | ||
| 040 |
_aDPL _bEng |
||
| 082 | _aN | ||
| 100 |
_aBasu, Anjana _948382 |
||
| 245 |
_aThe Agency Raga / _cby Anjana Basu |
||
| 260 |
_aDelhi _b Disha Books. |
||
| 270 |
_aOrient Longman Ltd. _bCulcutta _e700072 |
||
| 300 |
_a132p. _c22cm(hb) |
||
| 500 | _aGlossary | ||
| 942 |
_2ddc _cEN _hN _mBAS |
||
| 999 |
_c154032 _d154032 |
||